|
|
|
|
| LEADER |
00000nab a2200000uu 4500 |
| 001 |
vtls011502071 |
| 003 |
SK-MaSNL |
| 005 |
20260303210257.0 |
| 008 |
230218|2012 xo |||||||||||||||||eng| |
| 015 |
|
|
|a SNBRB
|
| 035 |
|
|
|a (urnnbn)urn:nbn:sk:snk:ar-a0ah4j
|
| 035 |
|
|
|a (uuid)1d9cb735-3a10-466e-9d37-aa88d00b1a53
|
| 035 |
|
|
|a urn:nbn:sk:snk-abdw9n
|
| 040 |
|
|
|a SNKBUCL
|b slo
|c SNKBUCL
|e AACR2
|
| 041 |
0 |
|
|a eng
|
| 044 |
|
|
|a xo
|c SK
|
| 100 |
1 |
|
|a Bydžovský, Ján,
|d 1944-
|4 aut
|9 235881
|
| 245 |
1 |
0 |
|a INFLUENCE OF MAGNETIZING FREQUENCY AND MEASURED DATA PROCESSING ON BARKHAUSEN NOISE PARAMETERS OF NON-ORIENTED FeSi STEEL
|c Jan Bydžovský, Jozef Paľa
|
| 700 |
1 |
|
|a Paľa, Jozef
|4 aut
|9 545794
|
| 773 |
0 |
|
|t Journal of electrical engineering
|g Roč. 63, č. 7s (2012), s. [106]-109
|
| 958 |
|
|
|a OND
|
| 958 |
|
|
|a EUIPO
|
| 958 |
|
|
|a article20
|
| 999 |
|
|
|c 2199547
|d 2201477
|